000 00290nam a22001337a 4500
008 181107b xxu||||| |||| 00| 0 eng d
020 _a0898749611
041 _aeng
080 _a159.9
100 _a49
101 _aPSI
245 _aConceiving the Self
_cRosenberg, M
942 _2udc
_cBK
999 _c52241
_d52241